000 00500nam a2200193 a 4500
001 1768117515599
003 YourLibrary
005 20260112125814.0
008 260111s2000##################000#0#eng##
020 _a9780486414379
082 0 4 _a302.2223
_bGOB
100 1 _ad'Alviella, comte Eugène Goblet,
_eauthor.
245 1 0 _aSymbols :
260 _bCourier Corporation,
_c2000.
300 _a333 pages
650 0 _aReligion.
942 _cENGLISH
040 _aYourLibrary
_beng
_cYourLibrary
999 _c608255
_d608255